000
00224 a2200109 4500
001
64207
090
_c
37952
_d
37952
100
_a
hall P S
245
_a
Radar Vol-9
260
_b
uk
_a
Brassey's
_c
1991
300
_a
170 p.
942
_a
NUST-CAE
_k
623.7348 HAL
999
_c
299280
_d
299280